| 000 | 00744nam a2200241Ia 4500 | ||
|---|---|---|---|
| 001 | 11053 | ||
| 003 | GE_BSU | ||
| 008 | 181216s||||||||xx |||||||||||||| ||und|| | ||
| 020 | _a9780761971856 | ||
| 040 | _cGE_BSU | ||
| 080 | _a378 | ||
| 245 | _aResearch Methods in Educational Leadership and Management. | ||
| 245 | _cEdited by Marianne Coleman, and Ann R.J. Briggs. | ||
| 260 | _aLondon. | ||
| 260 | _bSAGE Publications. | ||
| 260 | _c2005. | ||
| 300 | _a297p;24cm. | ||
| 520 | _aშემოსულია ტემპუსის პროექტით. | ||
| 541 | _h30Gel. | ||
| 653 | _aResearch Methods in Educational Leadership and Management. | ||
| 653 | _aტემპუსის პროექტით | ||
| 942 | _cBK | ||
| 999 |
_c44295 _d44295 |
||